01707cam a22003737a 4500003000500000005001700005008004100022010001000063011001000073035001000083040000900093090001000102100004200112245029400154260004100448300002000489502008000509590003700589590004100626590004100667590004100708590004200749650003000791650003900821700003600860901000700896905002600903942000900929949006200938949004901000999001701049952014001066952012701206CHAP20220329142823.0040512d2003 mx a r 00110 spa d a88277 a89249 a99800 cCHAP aTesis00aSilvestre Mejía, Margarito.910610210aContribución al conocimiento tecnológico de la madera de Eucalyptus grandis Hill ex Maiden y Eucalyptus urophylla S.T. Blake proveniente de plantaciones forestales comerciales de 7 años de edad de las Choapas, Veracruz, Méxc/por Margarito Silvestre Mejía y Francisco Torres Cruz aChapingo, Méx. :bEl autor,c2003. a106 h. :bilus. aTesis (Ing. Forestal Industrial) -- UACH. División de Ciencias Forestales aALEPHb10c20130110lUCH01h1457 aBATCH-UPDb10c20130110lUCH01h0434 aBATCH-UPDb10c20130410lUCH01h0110 aBATCH-UPDb10c20130914lUCH01h1333 aCONVERSIONb10c20130109lUCH01h134914aEucalipto (madera)93882214aMaderaxPropiedades y usos.96962100aTorres Cruz, Francisco.9114078 aBK aAlejandra Carrasco M. cFOLL aTesisbBCcTESd33724000921946eTS2fc.2h41768i99800si aTesisbBCcTESd998001eTS1h41767i99800sb c88277d88277 00102local4053708TESISaBCbBCcPA_TESISd2019-12-31fTESISl0oTesisp33724000921946r2019-12-31 00:00:00tc.2w2019-12-31yTESIS 00102local4051708TESISaBCbBCcPA_TESISd2019-12-31fTESISl0oTesisp998001r2019-12-31 00:00:00w2019-12-31yTESIS